Theatre Cultures Within Globalising Empires : Looking at Early Modern England and Spain.

Bibliographic Details
Main Author: Küpper, Joachim.
Other Authors: Pawlita, Leonie., Rüegg, Madeline.
Format: eBook
Language:English
Published: Berlin/Boston : Walter de Gruyter GmbH, 2018.
Edition:1st ed.
Subjects:
Online Access:Click to View
LEADER 02752nam a22003973i 4500
001 EBC5435775
003 MiAaPQ
005 20231204023214.0
006 m o d |
007 cr cnu||||||||
008 231204s2018 xx o ||||0 eng d
020 |a 9783110536881  |q (electronic bk.) 
020 |z 9783110536874 
035 |a (MiAaPQ)EBC5435775 
035 |a (Au-PeEL)EBL5435775 
035 |a (OCoLC)1049632259 
040 |a MiAaPQ  |b eng  |e rda  |e pn  |c MiAaPQ  |d MiAaPQ 
082 0 |a 822.309 
100 1 |a Küpper, Joachim. 
245 1 0 |a Theatre Cultures Within Globalising Empires :  |b Looking at Early Modern England and Spain. 
250 |a 1st ed. 
264 1 |a Berlin/Boston :  |b Walter de Gruyter GmbH,  |c 2018. 
264 4 |c {copy}2018. 
300 |a 1 online resource (246 pages) 
336 |a text  |b txt  |2 rdacontent 
337 |a computer  |b c  |2 rdamedia 
338 |a online resource  |b cr  |2 rdacarrier 
505 0 |a Intro -- Preface -- Contents -- The Early Modern European Drama And The Cultural Net: Some Basic Hypotheses -- Part I: Transnational Aspects Of European Drama -- Stefanelo Botarga And Pickelhering: Fishy Italian And English Stage Clowns In Spain And Germany -- The Art Of Adaptation And Self-Promotion: Carlo Gozzi'S La Principessa Filosofa -- From Augsburg To Edgar: Continental Beggar Books And King Lear -- Part II: Intercultural Connections Between English And Spanish Drama -- Dream And Doubt: Skepticism In Shakespeare'S Hamlet And Calderón'S La Vida Es Sueño -- The Patient Griselda Myth And Marriage Anxieties On Early Modern English And Spanish Stages -- Part III: Images Of Spain On The English Stage -- "Now Shall I See The Fall Of Babylon": The Image Of Spain In The Early Modern English Revenge Tragedy -- Polycolonial Angst: Representations Of Spain In Early Modern English Drama -- Part IV: Between Europe And The Colonies -- Multi-Didaxis In The Drama Of Lope De Vega And Sor Juana Inés De La Cruz -- Tamburlaine In Hindustan -- "Eating The Yaban'S Rice": Socio-Cultural Transactions On The Mid-Colonial Bengali Stage -- Notes On Contributors. 
588 |a Description based on publisher supplied metadata and other sources. 
590 |a Electronic reproduction. Ann Arbor, Michigan : ProQuest Ebook Central, 2023. Available via World Wide Web. Access may be limited to ProQuest Ebook Central affiliated libraries.  
655 4 |a Electronic books. 
700 1 |a Pawlita, Leonie. 
700 1 |a Rüegg, Madeline. 
776 0 8 |i Print version:  |a Küpper, Joachim  |t Theatre Cultures Within Globalising Empires  |d Berlin/Boston : Walter de Gruyter GmbH,c2018  |z 9783110536874 
797 2 |a ProQuest (Firm) 
856 4 0 |u https://ebookcentral.proquest.com/lib/matrademy/detail.action?docID=5435775  |z Click to View